书目信息 |
| 题名: |
点击日本
|
|
| 作者: | 刘军 主编 | |
| 分册: | ||
| 出版信息: | 长春 吉林人民出版社 2005 |
|
| 页数: | 18,312页 | |
| 开本: | 20cm | |
| 丛书名: | ||
| 单 册: | ||
| 中图分类: | K931.3 | |
| 科图分类: | ||
| 主题词: | 日本--简介 , 日本 , 地理 | |
| 电子资源: | ||
| ISBN: | 7-206-02908-6 | |
| 000 | 00749nam0 2200265 45 | |
| 001 | 012005200148 | |
| 005 | 20070709090040.71 | |
| 010 | @a7-206-02908-6@dCNY26.50 | |
| 092 | @aCN@b471237 | |
| 100 | @a20051017d2005 em y0chiy0120 ea | |
| 101 | 0 | @achi |
| 102 | @aCN@b220000 | |
| 105 | @ay z 000yy | |
| 200 | 1 | @a点击日本@Adian ji ri ben@f刘军[等]主编@Fliu jun [ deng ] zhu bian |
| 205 | @a2版 | |
| 210 | @a长春@c吉林人民出版社@d2005 | |
| 215 | @a18,312页@d20cm | |
| 330 | @a本书主要介绍了日本的地理环境、历史、政治、经济、教育、文化和生活习惯等。 | |
| 606 | 0 | @a日本@x简介 |
| 606 | 0 | @a日本 |
| 606 | 0 | @a地理 |
| 690 | @aK931.3@v4 | |
| 701 | 0 | @a刘军@Aliu jun@4主编 |
| 801 | 0 | @aCN@bLZJBOOK@c20070709 |
| 905 | @a10447@dK931.3@e173=2 | |
| 点击日本/刘军[等]主编.-2版.-长春:吉林人民出版社,2005 |
| 18,312页;20cm |
| ISBN 7-206-02908-6:CNY26.50 |
| 本书主要介绍了日本的地理环境、历史、政治、经济、教育、文化和生活习惯等。 |
| ● |
| 相关链接 |
|
|
|
|
正题名:点击日本
索取号:K931.3/173=2
 
预约/预借
| 序号 | 登录号 | 条形码 | 馆藏地/架位号 | 状态 | 备注 |
| 1 | 0553825 | 205538257 | 第二样本阅览室/ [索取号:K931.3/173=2] | 在馆 | |
| 2 | 0553826 | 205538266 | 第二借阅区/ [索取号:K931.3/173=2] | 在馆 | |
| 3 | 0553827 | 205538275 | 第二借阅区/ [索取号:K931.3/173=2] | 在馆 | |
| 4 | 0553828 | 205538284 | 第二借阅区/ [索取号:K931.3/173=2] | 在馆 | |
| 5 | 0553829 | 205538293 | 第二借阅区/ [索取号:K931.3/173=2] | 在馆 | |
| 6 | 0553830 | 205538300 | 第二借阅区/ [索取号:K931.3/173=2] | 在馆 | |
| 7 | 0553831 | 205538319 | 第二借阅区/ [索取号:K931.3/173=2] | 在馆 | |
| 8 | 0553832 | 205538328 | 第二借阅区/ [索取号:K931.3/173=2] | 在馆 |